Environmental health criteria

Salvato in:
Dettagli Bibliografici
Ente Autore: WHO
Natura: Libro
Lingua:Undetermined
Pubblicazione: Geneva WHO 1995
Soggetti:
Tags: Aggiungi Tag
Nessun Tag, puoi essere il primo ad aggiungerne! !
Thư viện lưu trữ: Trung tâm Học liệu Trường Đại học Cần Thơ
LEADER 00499nam a2200169Ia 4500
001 CTU_76688
008 210402s9999 xx 000 0 und d
082 |a 363.7384 
082 |b W927/E.167 
110 |a WHO 
245 0 |a Environmental health criteria 
260 |a Geneva 
260 |b WHO 
260 |c 1995 
650 |a Environmental exposure,Environmental sciences,Pesticides residues-analysis-toxiclogy 
904 |i Tuyến,Hải 
980 |a Trung tâm Học liệu Trường Đại học Cần Thơ